Statistiques concernant The Ultimate JiRock's quiz by our true friend Windsor

Cliquez ici pour prendre le quiz!

Statistiques générales

  • Ce quiz a été pris 28 fois
  • Le résultat moyen est 12 sur 50

Statistiques - réponses

ClassementRéponseIndice 1Indice 2% Correct
19Narset, Parter of VeilsOn a tous punté dessusPlus beau en vitrail que la cathédrale de Chartres
68%
1Birthing PodEvident ...Si vous l'avez pas c'est honteux
64%
4Prismatic VistaLe meilleur landLa fetch du slip
59%
34Prime Speaker VannifarJE est le seul de tout MTGA à l'avoir eu en avatarPas inclus avec Amazon
55%
3ThoughtseizeDe StrasbourgL'indice 1 suffit clairement
55%
5Tireless TrackerA bossé chez BricoramaUn scout
55%
2Emrakul, the Promised EndUn très gros steakClairement moins bien que la version d'origine
50%
39Terramorphic ExpanseMeilleur que Evolving WildsMoins fort que Fabled Passage
50%
9Hostage TakerLes jouets du voisin sont meilleurs que les votres ?Chiant donc forcément dimir
45%
17The Scarab GodUn mec chiant UBImbuttable
45%
33Smuggler's CopterPresque ban J1 en PioneerLe JiRockopt...
41%
16Birds of ParadiseA peine mieux qu'un pigeonColdplay
36%
44DuressUne des cartes les plus reprintsLe Thran Gix est mentionné dans la carte originale
36%
27Noble HierarchLe meilleur drop 1 ever ?N'aime pas le tiers-état
36%
30Saffi EriksdotterSûrement un diplomate suédoisUn scout mentionné sur un lhurgoyf ...
36%
10Hidetsugu's Second Rite:):) again
32%
45Breeding PoolAquaboulevardLa femme du coq
27%
40Emry, Lurker of the LochA entrainé le PSGArtefact toujours open
23%
7Eternal WitnessValue town svpLe T-1 dans Terminator
23%
13Kiki-Jiki, Mirror BreakerA le plus gros des *****Plus rouge que Gérard Larcher après un repas arrosé à la cantine du Sénat
23%
31Thieves' Guild EnforcerTrop chiant le flash de ses mortsLe deck le plus chiant du standard passé
23%
35Traverse the UlvenwaldTrouve un emploi de l'autre côté de la rueDelirium, mais pas la binouze
23%
24Agent of TreacheryComme la CIA. En moins sexyT'as volé ton goûter
18%
11Chord of CallingLe meilleur album de The ClashUne hostie
18%
41EntombLieu de résidence de JohnnyQuoi ce truc est un instant ??? Abusé
18%
28Liliana, the Last HopeUne meuf (encore plus) styléeTous les geeks l'aiment
18%
8Restoration AngelPresque aussi bien que FlunchBlanc, mais fort. Bizarre
18%
37Jace, Vryn's ProdigyPlus raisonnable que son alter ego à 2UULes gestes barrières
14%
22Lotus CobraJim Clark, Graham HillAyrton Senna, Thierry Ramboa
14%
49Mystic SnakeTitle of my sextapeLa seule dérogation pour que Wafa joue vert
14%
23Portable HoleA peine meilleur qu'un Nokia et coute aussi peu cherLa seule bonne carte de son édition ...
14%
6Recurring NightmareL'artiste a dessiné un token hippoToujours open sur Mtgo
14%
15ReveillarkLa plus belle carte blanche ever ?Du plus beau set ever ?
14%
14Atris, Oracle of Half-TruthsCarte de malin. Donc pas pour vousDemi-molle
9%
25Demonic TutorDynastie royale au ROyaume-UniMonique de la compta
9%
50Dragonmaster OutcastVient du même set que le plus beau des OmnathDrop 1, l'artiste a dessiné deux plans dans Planechase
9%
20Liliana, Death's MajestyUne meuf styléeTous les geeks l'aiment
9%
21River of TearsUn des plus beaux landsMoi quand JE me paye mon salaire
9%
29Scavenging OozeWar PigsRouge dit par quelqu'un qui a un cheveu sur la langue
9%
47Scorching DragonfireSmaug en personneL'artiste a dessiné un art de Muldrotha
9%
26Spirebluff CanalJamais entendu parler de ce trucMoins fort que Bruel à Vegas
9%
18Viscera SeerJ'ai cette carte en x15 chez moiMeilleur qu'Altar of dementia
9%
42Acidic SlimeAussi piquant que des LuttiSlim Shady
5%
32Body DoubleA copié sur votre exam de maths en CE2De Planar Chaos
5%
43Hard EvidenceC'est nul JE wtf ???J'aime les tourteaux
5%
12Timeless WitnessPresque aussi bien que la 7L'art est un peu meilleur que la 7
5%
36Venser's DiffusionFuture SightDany Bounce
5%
38Watcher for TomorrowJoue à cache cacheLe même artiste que Sorin, Vengeful Bloodlord
5%
46TrufflesnoutUltra combo, bien brokenM21, bientôt en Secret Lair
0%
48Underworld Rage-HoundBlack and YellowYoung, Wild and Escape
0%

Distribution des résultats

Percentile par nombre de réponses

% des personnes avec chaque résultat

Votre développement - résultats

Vous n’avez pas pris ce quiz